[Event "Reykjavik Open 2024"]
[Site "Reykjavik ISL"]
[Date "2024.03.19"]
[Round "7.74"]
[White "Sveinsson, Gudmundur Peng"]
[Black "Wehding, Anton Bonsvig"]
[Result "0-1"]
[WhiteElo "1620"]
[BlackElo "2056"]
[WhiteFideId "2314550"]
[BlackFideId "1463217"]
[EventDate "2024.03.15"]

1. e4 c5 2. Nf3 Nc6 3. d4 cxd4 4. Nxd4 Nf6 5. Nc3 e5 6. Ndb5 d6 7. Bg5 a6 8. Na3
b5 9. Nd5 Be7 10. Nxf6+ Bxf6 11. Bxf6 Qxf6 12. c3 O-O 13. Be2 Qg6 14. Bf3 Ne7
15. O-O Ra7 16. Re1 f5 17. Re3 Bb7 18. Qd3 fxe4 19. Bxe4 Nf5 20. Rf3 Bxe4 21.
Qxe4 Raf7 22. Rh3 Nd4 23. Qxg6 Ne2+ 24. Kh1 hxg6 25. f3 e4 26. Re1 Nf4 27. Rg3
d5 28. fxe4 Nd3 29. h3 Nxe1 30. exd5 Rd7 31. c4 bxc4 32. Nxc4 Rxd5 33. Rxg6 Rf6
34. Rg3 Rd1 35. Kh2 Rf2 36. h4 Rf4 37. Ne3 Rxh4+ 38. Kg1 Rb1 39. Kf2 Rxb2+ 40.
Kg1 Nd3 41. Nf1 Nf4 42. Ne3 0-1

[Event "Reykjavik Open 2024"]
[Site "Reykjavik ISL"]
[Date "2024.03.19"]
[Round "7.75"]
[White "Skarphedinsson, Ingvar Wu"]
[Black "Dhruv Rattan"]
[Result "0-1"]
[WhiteElo "2049"]
[BlackElo "1831"]
[WhiteFideId "2316943"]
[BlackFideId "45007993"]
[EventDate "2024.03.15"]

1. d4 Nf6 2. Bf4 g6 3. Nc3 d5 4. e3 Bg7 5. h4 O-O 6. h5 c5 7. hxg6 fxg6 8. dxc5
Nc6 9. Be2 e5 10. Bg5 Be6 11. Nf3 Qa5 12. O-O Qxc5 13. Nb5 Rf7 14. Bh4 h6 15.
Nd2 a6 16. Nb3 Qb4 17. Bxf6 Bxf6 18. Nc3 Rd8 19. a3 Qf8 20. Bg4 Qd6 21. Bxe6
Qxe6 22. Qe2 e4 23. Na4 Be5 24. Nac5 Qe7 25. Qg4 Rf6 26. c3 Bd6 27. c4 Bxc5 28.
Nxc5 Qxc5 29. cxd5 Qxd5 30. Rad1 Qf5 31. Rxd8+ Nxd8 32. Qd1 Nf7 33. Qa4 b5 34.
Qc2 Ne5 35. Qb3+ Kg7 36. Qc3 Qg5 37. Rd1 Qf5 38. Rd2 h5 39. Qc7+ Rf7 40. Qc3 Kh7
41. b3 h4 42. Qc2 h3 43. f4 exf3 0-1

[Event "Reykjavik Open 2024"]
[Site "Reykjavik ISL"]
[Date "2024.03.19"]
[Round "7.76"]
[White "Brackmann, Hendrik"]
[Black "Magnusdottir, Veronika Steinunn"]
[Result "1-0"]
[WhiteElo "2037"]
[BlackElo "1812"]
[WhiteFideId "12905135"]
[BlackFideId "2309114"]
[EventDate "2024.03.15"]

1. e4 c5 2. Nf3 e6 3. d4 cxd4 4. Nxd4 a6 5. c4 Nf6 6. Nc3 Bb4 7. Qd3 Qc7 8. a3
Be7 9. Be2 O-O 10. O-O Rd8 11. Be3 b6 12. f4 d6 13. Rac1 Bb7 14. f5 exf5 15.
Nxf5 Re8 16. Bd4 Nbd7 17. Nd5 Bxd5 18. cxd5 Qd8 19. Qg3 g6 20. Nh6+ Kg7 21. Ng4
h5 22. Nxf6 Bxf6 23. Rxf6 Nxf6 24. Rf1 Re5 25. Bxe5 dxe5 26. Qxe5 b5 27. Qd4 Rc8
28. Bd3 Rb8 29. Kh1 Rb6 30. e5 Nxd5 31. e6+ f6 32. e7 Qxe7 33. Qxd5 Rd6 34. Qe4
Qf7 35. Qf3 Qb3 36. Qb7+ Kh6 37. Bxg6 Kxg6 38. Qe4+ Kf7 39. Qh7+ Ke8 40. Re1+
Re6 41. Rc1 Qc4 42. Qxh5+ Ke7 43. Qh6 Re2 44. h3 Qg8 45. Rc7+ Ke6 46. Rg7 Re1+
47. Kh2 Qb8+ 48. Rg3 Rh1+ 49. Kxh1 Qxg3 50. Qc1 f5 51. Qc6+ Ke7 52. Qb7+ Ke8 53.
Qc8+ Ke7 54. Qxf5 Qe1+ 55. Kh2 Qc1 56. Qe5+ Kd7 57. h4 Qh6 58. h5 Kc6 59. Kh3
Kd7 60. Qf5+ Ke7 61. Kh4 Qc1 1-0

[Event "Reykjavik Open 2024"]
[Site "Reykjavik ISL"]
[Date "2024.03.19"]
[Round "7.77"]
[White "Heidarsson, Arnar Milutin"]
[Black "Potter, Alexander"]
[Result "1-0"]
[WhiteElo "2037"]
[BlackElo "1782"]
[WhiteFideId "2312875"]
[BlackFideId "343422594"]
[EventDate "2024.03.15"]

1. d4 d5 2. c4 c6 3. Nc3 Nf6 4. e3 e6 5. Nf3 Nbd7 6. Be2 Bd6 7. O-O O-O 8. Qc2
e5 9. dxe5 Nxe5 10. cxd5 cxd5 11. Rd1 Qc7 12. g3 Rd8 13. Qb3 Bd7 14. Bd2 a6 15.
Rac1 Bc6 16. Nd4 Qd7 17. Nxc6 bxc6 18. Kg2 Rab8 19. Qc2 Qb7 20. f4 Nc4 21. Na4
Nxd2 22. Qxd2 Re8 23. Qd3 Qb4 24. b3 Qe4+ 25. Qxe4 Nxe4 26. Rxc6 Rbc8 27. Rdc1
Rxc6 28. Rxc6 a5 29. Bd3 Rd8 30. Kf3 f5 31. Ba6 Kf7 32. Nb6 Bc5 33. Nxd5 Bxe3
34. Kxe3 1-0

[Event "Reykjavik Open 2024"]
[Site "Reykjavik ISL"]
[Date "2024.03.19"]
[Round "7.80"]
[White "Gislason, Gudmundur"]
[Black "Solsker, Tummas M."]
[Result "1-0"]
[WhiteTitle "FM"]
[WhiteElo "2266"]
[BlackElo "1897"]
[WhiteFideId "2300559"]
[BlackFideId "7200480"]
[EventDate "2024.03.15"]

1. d4 Nf6 2. Nf3 d5 3. c4 e6 4. g3 Be7 5. Bg2 O-O 6. O-O dxc4 7. Qc2 a6 8. Qxc4
b5 9. Qc2 Bb7 10. Bf4 Nd5 11. Bd2 Nd7 12. Ba5 Qc8 13. Nbd2 c5 14. Rac1 cxd4 15.
Qb1 Qb8 16. Nxd4 Bb4 17. N4b3 Bxa5 18. Nxa5 Qa7 19. Rfd1 Rac8 20. Nc6 Bxc6 21.
Rxc6 Rxc6 1-0

[Event "Reykjavik Open 2024"]
[Site "Reykjavik ISL"]
[Date "2024.03.19"]
[Round "7.81"]
[White "Pisan, Kai"]
[Black "Riisem, Oyvind"]
[Result "0-1"]
[WhiteElo "1897"]
[BlackElo "2234"]
[WhiteFideId "39904881"]
[BlackFideId "1504673"]
[EventDate "2024.03.15"]

1. d4 c5 2. d5 d6 3. g3 e5 4. Bg2 Be7 5. e4 Bg5 6. Nd2 f5 7. h4 Bxd2+ 8. Bxd2
Nf6 9. exf5 Bxf5 10. Ne2 b5 11. O-O Nbd7 12. a4 bxa4 13. c4 Nb6 14. Ba5 Qd7 15.
Bxb6 axb6 16. Nc3 O-O 17. Nb5 Ng4 18. Ra3 Nh6 19. Rxa4 Rxa4 20. Qxa4 Bd3 21. Rd1
e4 22. Rd2 Nf7 23. Nc3 Qxa4 24. Nxa4 Ne5 25. b3 Ra8 26. Rb2 Kf7 27. Nc3 Ra1+ 28.
Kh2 Ng4+ 29. Kh3 Nf6 30. g4 Rc1 31. Nb5 Ke7 32. Ra2 Rb1 33. Na7 Rxb3 34. Nc6+
Kf8 35. Ra8+ Ne8 36. Kh2 Rb2 37. Kg3 Rd2 38. Nd8 Bxc4 39. Ne6+ Ke7 40. Bxe4 Nf6
41. Ra7+ Nd7 42. Nxg7 Bxd5 43. Bxh7 c4 44. h5 Kd8 45. g5 c3 46. h6 Nf8 47. Bf5
c2 48. Bxc2 Rxc2 49. f4 Rg2+ 50. Kh3 Rg1 51. Ra4 Kd7 52. Kh2 Rg2+ 53. Kh3 Rg1
54. Kh2 Rg2+ 55. Kh3 Ng6 56. Nf5 Bc6 57. Ra7+ Kd8 58. h7 Nxf4+ 59. Kh4 Ng6+ 60.
Kh5 Nf4+ 61. Kh6 Rh2+ 62. Kg7 Nh5+ 63. Kg6 Be8+ 64. Rf7 Nf4+ 65. Kg7 Rxh7+ 66.
Kxh7 Bxf7 67. Nxd6 Bg6+ 68. Kg7 Kd7 69. Nc4 b5 70. Ne5+ Ke7 71. Nc6+ Kd6 72. Nd4
b4 73. Kf6 Kd5 74. Nb3 Bc2 75. Nd2 Kd4 76. Nf3+ Kc3 0-1

[Event "Reykjavik Open 2024"]
[Site "Reykjavik ISL"]
[Date "2024.03.19"]
[Round "7.82"]
[White "Banerjee, Aryan"]
[Black "Stenzel, Thomas"]
[Result "1-0"]
[WhiteElo "1896"]
[BlackElo "2175"]
[WhiteFideId "1765035"]
[BlackFideId "4632770"]
[EventDate "2024.03.15"]

1. Nf3 Nc6 2. d4 d5 3. c4 Bg4 4. e3 e5 5. cxd5 Qxd5 6. Nc3 Bb4 7. Be2 exd4 8.
exd4 O-O-O 9. O-O Qh5 10. h3 Nf6 11. hxg4 Nxg4 12. Bf4 f5 13. Qa4 g5 14. d5 Bd6
15. dxc6 Bxf4 16. g3 Bd6 17. Qb5 bxc6 18. Qxc6 Rdf8 19. Bb5 1-0

[Event "Reykjavik Open 2024"]
[Site "Reykjavik ISL"]
[Date "2024.03.19"]
[Round "7.83"]
[White "Duong, Thanh Nha"]
[Black "Brand, Niels"]
[Result "1-0"]
[WhiteTitle "IM"]
[WhiteElo "2144"]
[BlackElo "1891"]
[WhiteFideId "2601079"]
[BlackFideId "1085107"]
[EventDate "2024.03.15"]

1. d4 Nf6 2. Nf3 e6 3. g3 d5 4. Bg2 c5 5. c4 Nc6 6. cxd5 exd5 7. O-O Be6 8. Nc3
Be7 9. b3 O-O 10. Bb2 Qd7 11. dxc5 Bxc5 12. Ng5 Rad8 13. Rc1 Be7 14. Nb5 Bf5 15.
Nd4 Nxd4 16. Qxd4 h6 17. Nf3 Qe6 18. Rc7 b6 19. Rxa7 Bc5 20. Qe5 Qc8 21. Nd4 Bg6
22. Qf4 Ne4 23. Rc1 Rd7 24. Rxd7 Qxd7 25. e3 Ra8 26. a4 Nd2 27. Qe5 Rd8 28. Rd1
Ne4 29. Nb5 Bf8 30. Nc3 Nc5 31. Rxd5 Qc8 32. Rxd8 Qxd8 33. Qd5 Qc7 34. e4 Ne6
35. Qb5 Bc5 36. Nd5 Qd8 37. Qc4 Qg5 38. b4 Qd2 39. bxc5 Qxb2 40. cxb6 Nd4 41.
Qf1 Kh7 42. a5 Qc2 43. b7 Bxe4 44. b8=Q Bxg2 45. Kxg2 Qe4+ 46. f3 Qxd5 47. Qd3+
g6 48. Qb2 1-0

[Event "Reykjavik Open 2024"]
[Site "Reykjavik ISL"]
[Date "2024.03.19"]
[Round "7.84"]
[White "Markuszewski, Maksymilian"]
[Black "Scotti, Martin"]
[Result "0-1"]
[WhiteElo "2141"]
[BlackElo "1885"]
[WhiteFideId "651018306"]
[BlackFideId "551035065"]
[EventDate "2024.03.15"]

1. d4 d5 2. c4 c6 3. Nc3 Nf6 4. e3 e6 5. Nf3 Nbd7 6. Be2 Bd6 7. O-O O-O 8. b3 b6
9. Bb2 Bb7 10. Bd3 c5 11. cxd5 Nxd5 12. Nxd5 Bxd5 13. e4 Bb7 14. d5 exd5 15.
exd5 Be7 16. Qc2 h6 17. Rad1 Bf6 18. Bc1 Ne5 19. Be4 Nxf3+ 20. Bxf3 Bd4 21. Qf5
Qf6 22. Qh5 Rfe8 23. Rfe1 Rad8 24. Be3 Bc3 25. Rf1 Ba6 26. Be2 Re5 27. Qg4 Bxe2
28. Qxe2 Rexd5 29. Rxd5 Rxd5 30. Qa6 Rd7 31. Qc8+ Qd8 32. Qc6 Rd1 33. g3 Qd5 34.
Qc8+ Kh7 35. Qc7 Qd7 36. Qxd7 Rxd7 37. Rc1 Bf6 38. Kf1 Kg6 39. Ke2 Bg5 40. f4
Bf6 41. g4 Bd4 42. Bxd4 Rxd4 43. Ke3 Kf6 44. Re1 a5 45. Re2 a4 46. bxa4 Rxa4 47.
Rb2 Ra6 48. Ke4 Ke6 49. f5+ Kd6 50. f6 g6 51. h4 Ra4+ 52. Kf3 Ke5 53. g5 hxg5
54. hxg5 Kf5 55. Rxb6 Ra3+ 56. Ke2 Rxa2+ 57. Kd3 Kxg5 58. Rc6 Rf2 59. Rxc5+ Kxf6
60. Ke3 Rf5 61. Rc1 g5 62. Rg1 Kg6 63. Ke4 Rf4+ 64. Ke3 f6 65. Rg2 Kf5 66. Ra2
Re4+ 67. Kf3 g4+ 68. Kg2 Kg5 69. Ra1 Re2+ 70. Kg3 f5 71. Ra5 Rb2 72. Rc5 Ra2 73.
Rb5 Ra3+ 74. Kg2 g3 75. Rb8 Kg4 76. Rg8+ Kf4 77. Kh3 Ra1 78. Rb8 Rh1+ 79. Kg2
Rh2+ 80. Kg1 Kg4 81. Rg8+ Kf3 82. Ra8 f4 83. Ra3+ Kg4 84. Ra8 Rb2 85. Ra4 Kh3
86. Rxf4 Rb1+ 87. Rf1 Rxf1+ 88. Kxf1 Kh2 0-1

[Event "Reykjavik Open 2024"]
[Site "Reykjavik ISL"]
[Date "2024.03.19"]
[Round "7.85"]
[White "George Samir, David"]
[Black "Ferzli, Michael"]
[Result "1/2-1/2"]
[WhiteTitle "FM"]
[WhiteElo "2130"]
[BlackElo "1879"]
[WhiteFideId "10657789"]
[BlackFideId "5310288"]
[EventDate "2024.03.15"]

1. e4 c5 2. Nf3 e6 3. d4 cxd4 4. Nxd4 Nf6 5. Bd3 Nc6 6. Nxc6 bxc6 7. O-O d5 8.
e5 Nd7 9. Re1 Qc7 10. f4 a5 11. c3 Ba6 12. Bxa6 Qb6+ 13. Be3 Qxa6 14. Nd2 Be7
15. Qg4 O-O 16. Kh1 Bc5 17. Nb3 Bxe3 18. Rxe3 c5 19. Rg3 g6 20. Rh3 Rfc8 21. Qh4
Nf8 22. Qf2 Qb5 23. Rb1 Qc4 24. Ra1 a4 25. Nd2 Qb5 26. Nf1 Rab8 27. Rb1 Qc4 28.
Ra1 Rb7 29. Ne3 Qb5 30. Rb1 Qd3 31. Rd1 Qb5 32. Ng4 Qxb2 33. Nf6+ Kg7 34. Qh4 h5
35. Rg3 Nh7 36. Nxh5+ Kf8 37. Nf6 Nxf6 38. Qxf6 Qc2 39. Rg1 Rb1 40. h4 Rxg1+ 41.
Kxg1 Qd1+ 42. Kh2 Qh5 43. c4 d4 44. Ra3 Ra8 45. Kh3 Qf5+ 46. Kg3 Qxf6 47. exf6
Ke8 48. Kf3 Kd7 49. Ke4 Kc6 50. g4 Kb6 51. Rh3 Kc6 52. h5 gxh5 53. gxh5 Rh8 54.
h6 Rh7 55. f5 Kd6 56. Kf4 Kd7 57. Ke5 exf5 58. Kxf5 Kc7 59. Kg5 Kd6 60. Ra3 Ke5
61. Rxa4 d3 62. Ra8 Kd4 63. Rd8+ Kxc4 64. a4 Kb4 1/2-1/2

[Event "Reykjavik Open 2024"]
[Site "Reykjavik ISL"]
[Date "2024.03.19"]
[Round "7.86"]
[White "Carey, Michael"]
[Black "Strathmann, Sacha"]
[Result "1/2-1/2"]
[WhiteElo "1880"]
[BlackElo "2129"]
[WhiteFideId "30923760"]
[BlackFideId "4693825"]
[EventDate "2024.03.15"]

1. Nf3 Nf6 2. c4 g6 3. d4 Bg7 4. g3 d6 5. Nc3 O-O 6. Bg2 Bf5 7. O-O Nc6 8. Ne1
Qd7 9. e4 Bg4 10. f3 Bh3 11. Be3 e5 12. d5 Ne7 13. Nd3 Bxg2 14. Kxg2 Ne8 15. Rc1
f5 16. Qe2 Nf6 17. c5 Nh5 18. cxd6 cxd6 19. g4 fxg4 20. fxg4 Nf4+ 21. Nxf4 exf4
22. Rxf4 a6 23. Rcf1 Rxf4 24. Bxf4 b5 25. Nd1 Re8 26. Ne3 Nc8 27. Qf3 Qe7 28. b3
Rf8 29. g5 Nb6 30. Ng4 Nd7 31. Qe3 b4 32. Re1 Ne5 33. Bxe5 Bxe5 34. Rf1 Bg7 35.
Rxf8+ Qxf8 36. Qf3 Qe7 37. h4 Qc7 38. Qe2 a5 39. Qf2 Qe7 40. Qf4 Qc7 41. Qf2 Qc3
42. Qe2 Kf7 43. Qf3+ Ke8 44. Qe2 Ke7 45. Nh2 Be5 46. Nf3 Bf4 47. Kh3 Qc8+ 48.
Kg2 Qg4+ 49. Kf1 Bg3 50. Qe3 1/2-1/2

[Event "Reykjavik Open 2024"]
[Site "Reykjavik ISL"]
[Date "2024.03.19"]
[Round "7.87"]
[White "Ozbas, Burak"]
[Black "Briem, Benedikt"]
[Result "0-1"]
[WhiteElo "1876"]
[BlackElo "2102"]
[WhiteFideId "6323480"]
[BlackFideId "2315432"]
[EventDate "2024.03.15"]

1. e4 c5 2. Nf3 Nc6 3. d4 cxd4 4. Nxd4 Nf6 5. Nc3 h5 6. h3 e5 7. Ndb5 d6 8. Nd5
Nxd5 9. exd5 Nb8 10. c4 a6 11. Nc3 Bf5 12. Bd3 Bxd3 13. Qxd3 Be7 14. O-O Nd7 15.
Be3 Rc8 16. b3 Bg5 17. Ne4 Be7 18. Nc3 Qc7 19. Rac1 g6 20. Qd2 f5 21. Bg5 Bxg5
22. Qxg5 Kf7 23. g4 hxg4 24. hxg4 Nf6 25. f3 Qc5+ 26. Kg2 Rh7 27. Ne4 Nxe4 28.
fxe4 Rch8 29. Rh1 Qd4 30. Rxh7+ Rxh7 31. exf5 Qb2+ 32. Kg1 Qh2+ 33. Kf1 Qh1+ 34.
Ke2 Qg2+ 35. Kd3 Rh3+ 36. Qe3 e4+ 37. Kd4 Qb2+ 38. Qc3 Rd3+ 0-1

[Event "Reykjavik Open 2024"]
[Site "Reykjavik ISL"]
[Date "2024.03.19"]
[Round "7.88"]
[White "Jonsson, Johann"]
[Black "Maack, Kjartan"]
[Result "1/2-1/2"]
[WhiteElo "1875"]
[BlackElo "2102"]
[WhiteFideId "2321688"]
[BlackFideId "2301806"]
[EventDate "2024.03.15"]

1. e4 e6 2. Qe2 Nc6 3. g3 e5 4. Nf3 Bc5 5. Bg2 d6 6. c3 a5 7. O-O Nf6 8. Rd1 Bg4
9. h3 Bxf3 10. Qxf3 O-O 11. d3 h6 12. Nd2 b5 13. Nf1 b4 14. g4 Nh7 15. Ng3 bxc3
16. bxc3 Ng5 17. Qe2 Ne6 18. d4 exd4 19. e5 Nxe5 20. Bxa8 Qxa8 21. cxd4 Nf3+ 22.
Kf1 Nh2+ 23. Kg1 Nf3+ 24. Kf1 Nfxd4 25. Qe4 d5 26. Qd3 c6 27. Be3 Nb5 28. Nf5
Bxe3 29. Qxe3 d4 30. Qe4 Nc3 31. Qxc6 Qxc6 32. Ne7+ Kh7 33. Nxc6 Nxd1 34. Rxd1
a4 35. Rd2 Rc8 36. Nxd4 Nf4 37. Ne2 Nxh3 38. Rd4 Ra8 39. f4 g5 40. f5 a3 41. Kg2
Nf4+ 42. Nxf4 gxf4 43. Kf3 Rc8 44. Rd3 Ra8 45. Kxf4 Ra4+ 46. Kg3 Kg7 47. Kh4 Ra6 1/2-1/2

[Event "Reykjavik Open 2024"]
[Site "Reykjavik ISL"]
[Date "2024.03.19"]
[Round "7.89"]
[White "Wolff, Michael"]
[Black "Pollack, Oscar"]
[Result "0-1"]
[WhiteElo "1874"]
[BlackElo "2092"]
[WhiteFideId "24607657"]
[BlackFideId "429414"]
[EventDate "2024.03.15"]

1. e4 e6 2. d4 d5 3. Nc3 Bb4 4. Ne2 Nc6 5. e5 Nge7 6. a3 Ba5 7. b4 Bb6 8. Na4
Nf5 9. c3 O-O 10. g3 f6 11. Nxb6 axb6 12. f4 Bd7 13. Bg2 Nce7 14. exf6 gxf6 15.
O-O Qe8 16. Bd2 Nd6 17. Re1 Nc4 18. Nc1 Qg6 19. Be3 Nxa3 20. Nd3 Nc4 21. f5 Nxf5
22. Nf4 Nfxe3 23. Nxg6 Nxd1 24. Nxf8 Rxa1 25. Nxd7 Kf7 26. Bf3 Nce3 27. c4 dxc4
28. Bxb7 c3 29. Be4 Ra2 30. Nb8 f5 31. Bd3 Rg2+ 32. Kh1 Nf2# 0-1

[Event "Reykjavik Open 2024"]
[Site "Reykjavik ISL"]
[Date "2024.03.19"]
[Round "7.90"]
[White "Barthel, Ansgar"]
[Black "Helgadottir, Idunn"]
[Result "1-0"]
[WhiteElo "2073"]
[BlackElo "1849"]
[WhiteFideId "4643461"]
[BlackFideId "2314118"]
[EventDate "2024.03.15"]

1. e4 c5 2. Nf3 e6 3. b3 Nc6 4. Bb2 Nf6 5. e5 Nd5 6. c4 Nf4 7. g3 Ng6 8. h4 d5
9. exd6 Qxd6 10. h5 Nge5 11. Nxe5 Nxe5 12. h6 Nd3+ 13. Bxd3 Qxd3 14. Qe2 Qg6 15.
Na3 a6 16. O-O-O Bd7 17. Qe5 f6 18. hxg7 Bxg7 19. Qxc5 Bc6 20. Rhe1 Kf7 21. Re3
Rad8 22. Nc2 e5 23. f4 Bh6 24. Rf1 Rhe8 25. Ree1 Qd3 26. Qe3 exf4 27. Qxd3 Rxd3
28. Rxe8 Bxe8 29. gxf4 Kg6 30. Ne3 Bc6 31. Kd1 Bf8 32. Ke2 Rd7 33. Rg1+ Kf7 34.
Ng4 Bc5 35. Rg3 Re7+ 36. Kd1 Re4 37. Nxf6 Rxf4 38. Nxh7 Rf1+ 39. Ke2 Rf2+ 40.
Ke1 Rh2 41. Rg7+ Ke6 42. Rg6+ Ke7 43. Nf6 Bf3 44. Nd5+ Kd7 45. d4 Rxb2 46. dxc5
Rxa2 47. Rd6+ Kc8 48. Nb6+ Kc7 49. Rf6 Be4 50. Rf8 1-0

[Event "Reykjavik Open 2024"]
[Site "Reykjavik ISL"]
[Date "2024.03.19"]
[Round "7.91"]
[White "Abbott, James"]
[Black "Fridjonsson, Julius"]
[Result "1/2-1/2"]
[WhiteElo "1852"]
[BlackElo "2070"]
[WhiteFideId "2078082"]
[BlackFideId "2300842"]
[EventDate "2024.03.15"]

1. d4 d5 2. Nf3 Nf6 3. c4 c6 4. e3 e6 5. Nc3 Be7 6. Bd3 O-O 7. a3 Nbd7 8. e4
dxe4 9. Nxe4 Nxe4 10. Bxe4 c5 11. O-O cxd4 12. Nxd4 Nc5 13. Bc2 e5 14. Nb5 Be6
15. b3 a6 16. Nc3 Qxd1 17. Rxd1 Rfd8 18. Bb2 Bg4 19. f3 Bh5 20. Nd5 Bd6 21. b4
Ne6 22. c5 Rac8 23. Bf5 Bf8 24. Bxe5 Bg6 25. Bxg6 hxg6 26. Nb6 Rxd1+ 27. Rxd1
Rd8 28. Rxd8 Nxd8 29. Kf1 f6 30. Bd4 Ne6 31. Be3 Kf7 32. Ke2 Be7 33. Kd3 Bd8 34.
Nc4 Bc7 35. h3 Ke7 36. Ke4 Kd7 37. g4 Kc6 38. f4 Nf8 39. a4 Nd7 40. h4 f5+ 41.
gxf5 Nf6+ 42. Kf3 gxf5 43. Bd2 a5 44. b5+ Kxc5 45. Nxa5 Bxa5 46. Bxa5 g6 47. Be1
Kc4 48. Bd2 Ne4 49. Be1 Nc5 50. h5 gxh5 51. Kg3 Nxa4 52. Kh4 Kd3 53. Kxh5 Ke4
54. Kg5 Nb6 55. Kf6 Nd5+ 56. Ke6 Nc7+ 57. Kd7 Nxb5 58. Kc8 Kxf4 59. Kxb7 Nd6+
60. Kc6 Ne4 61. Ba5 1/2-1/2

[Event "Reykjavik Open 2024"]
[Site "Reykjavik ISL"]
[Date "2024.03.19"]
[Round "7.92"]
[White "Jonsson, Olafur Gisli"]
[Black "Bottema, Martin"]
[Result "1/2-1/2"]
[WhiteElo "1849"]
[BlackElo "2053"]
[WhiteFideId "2302705"]
[BlackFideId "1011006"]
[EventDate "2024.03.15"]

1. d4 Nf6 2. c4 e6 3. Nf3 d5 4. Nc3 Bb4 5. Bg5 h6 6. Bxf6 Qxf6 7. e3 O-O 8. a3
Bxc3+ 9. bxc3 c5 10. Bd3 dxc4 11. Bxc4 Nc6 12. O-O b6 13. Qe2 Bb7 14. Rfd1 Rac8
15. Ba6 Bxa6 16. Qxa6 Qe7 17. Rac1 Na5 18. a4 Rfd8 19. h3 Qb7 20. Qb5 Qe7 21.
Ne5 Rc7 22. Rb1 cxd4 23. cxd4 Rdc8 24. d5 exd5 25. Rxd5 Rc5 26. Qd3 Rxd5 27.
Qxd5 Rd8 28. Nc6 Nxc6 29. Qxc6 1/2-1/2

[Event "Reykjavik Open 2024"]
[Site "Reykjavik ISL"]
[Date "2024.03.19"]
[Round "7.93"]
[White "Van Veenendaal, Elmer"]
[Black "Ingason, Sigurdur"]
[Result "1/2-1/2"]
[WhiteElo "2027"]
[BlackElo "1840"]
[WhiteFideId "1026801"]
[BlackFideId "2301709"]
[EventDate "2024.03.15"]

1. c4 e5 2. Nc3 Bb4 3. g3 Nf6 4. Bg2 O-O 5. Nf3 Bxc3 6. dxc3 d6 7. O-O Nc6 8. b3
Re8 9. h3 h6 10. Qc2 Be6 11. Kh2 Qd7 12. e4 Ne7 13. c5 Ng6 14. cxd6 cxd6 15. c4
b5 16. Nd2 bxc4 17. Nxc4 Rac8 18. Qd3 Bxc4 19. bxc4 Qc6 20. Be3 Qxc4 21. Qxd6
Qa4 22. Qd1 Qa3 23. Qb3 Qa5 24. Rfc1 Rb8 25. Qc3 Qa4 26. Qc2 Qa5 27. Qc5 Qxc5
28. Bxc5 Rb7 29. a3 Rc7 30. Bd6 Rd7 31. Bc5 Rc7 32. Bd6 Rd7 33. Bc5 Rc7 1/2-1/2

[Event "Reykjavik Open 2024"]
[Site "Reykjavik ISL"]
[Date "2024.03.19"]
[Round "7.94"]
[White "Franco, Gaston"]
[Black "Reynaud, Frederic"]
[Result "1-0"]
[WhiteElo "2021"]
[BlackElo "1840"]
[WhiteFideId "117722"]
[BlackFideId "2624338"]
[EventDate "2024.03.15"]

1. e4 c6 2. d4 d5 3. exd5 cxd5 4. Bd3 Nf6 5. c3 Bg4 6. Qb3 Qc7 7. Na3 a6 8. Bf4
Qc8 9. Ne2 e6 10. O-O Be7 11. Ng3 Nh5 12. Nxh5 Bxh5 13. c4 Bxa3 14. Qxa3 Qd7 15.
cxd5 Qxd5 16. Rac1 Nc6 17. Rc5 Qxd4 18. Be3 Qb4 19. Rxh5 1-0

[Event "Reykjavik Open 2024"]
[Site "Reykjavik ISL"]
[Date "2024.03.19"]
[Round "7.95"]
[White "Erlbeck, Peter"]
[Black "Hauksson, Bjorgvin Jonas"]
[Result "1-0"]
[WhiteElo "2014"]
[BlackElo "1836"]
[WhiteFideId "4642910"]
[BlackFideId "2314223"]
[EventDate "2024.03.15"]

1. e4 e5 2. Nf3 Nc6 3. Bb5 Nge7 4. c3 a6 5. Ba4 d6 6. O-O g6 7. d4 Bd7 8. Bg5
Bg7 9. d5 Na7 10. Nbd2 Bxa4 11. Qxa4+ Qd7 12. Qxd7+ Kxd7 13. c4 h6 14. Be3 f5
15. Bxa7 Rxa7 16. Rfd1 b5 17. b3 bxc4 18. bxc4 Rb8 19. Rab1 Rab7 20. Rxb7 Rxb7
21. Rb1 Rxb1+ 22. Nxb1 c6 23. Nc3 fxe4 24. Nd2 cxd5 25. cxd5 Kc7 26. Ndxe4 Nc8
27. Kf1 Na7 28. Ke2 Bf8 29. Kd3 Be7 30. Kc4 Kb6 31. a4 Nc8 32. Kb4 Bd8 33. Nd2
Bg5 34. Nc4+ Kb7 35. Ne4 Be7 36. Na5+ Kb6 37. Nc6 Bf8 38. Kc4 Na7 39. Nd8 Be7
40. Nf7 Nc8 41. Kb4 Bf8 42. Nd8 Be7 43. Nc6 Bf8 44. a5+ Kc7 45. Kc4 Bg7 46. Nb4
Kb7 47. g4 g5 48. Kd3 Bf8 49. Nd2 Na7 50. Ke4 Nb5 51. Kf5 Be7 52. Nc6 Nd4+ 53.
Nxd4 exd4 54. Ke4 Bf6 55. Nb3 Kc7 56. Nxd4 Kd7 57. Nc6 Ke8 58. Kf5 Kf7 59. h3
Bc3 60. f3 Be1 61. Ke4 Kg6 62. Kd4 Kf6 63. Kd3 Kf7 64. Nb8 Bxa5 65. Nxa6 Ke7 66.
Nb8 Be1 67. Ke4 Kf6 68. Nd7+ Ke7 69. Nb6 Kf6 70. Nc4 Bb4 71. Ne3 Bc5 72. Nf5 Kg6
73. h4 h5 74. hxg5 hxg4 75. fxg4 Kxg5 76. Kf3 Ba3 77. Ng3 Bc1 78. Ne4+ Kg6 79.
Nxd6 Ba3 80. Ne4 Bc1 81. d6 Kf7 82. Nc3 Ke6 83. Ne4 Bh6 84. Kg3 Be3 85. Kh4 Ke5
86. Ng3 Bf2 87. Kh5 Bb6 88. Nf5 Kf6 89. Kh6 Ba5 90. Ne3 Ke6 1-0

[Event "Reykjavik Open 2024"]
[Site "Reykjavik ISL"]
[Date "2024.03.19"]
[Round "7.96"]
[White "Demir, Hilmi Mustafa"]
[Black "Cherukuri, Nitesh"]
[Result "1/2-1/2"]
[WhiteElo "1842"]
[BlackElo "2000"]
[WhiteFideId "6303099"]
[BlackFideId "30978688"]
[EventDate "2024.03.15"]

1. e4 c6 2. d4 d5 3. Nc3 dxe4 4. Nxe4 Nf6 5. Nxf6+ exf6 6. c3 Bd6 7. Bd3 O-O 8.
Qc2 Re8+ 9. Ne2 h5 10. O-O h4 11. h3 Nd7 12. Be3 Nf8 13. Rad1 Bd7 14. c4 Bb8 15.
Rfe1 Qc7 16. Kf1 Qh2 17. Ng1 Ne6 18. Bh7+ Kh8 19. Bf5 Bd6 20. c5 Bc7 21. Be4 Nf4
22. Bxf4 Qxf4 23. Qe2 Kg8 24. Qf3 Qg5 25. Bc2 Ba5 26. Rxe8+ Rxe8 27. Qd3 g6 28.
Nf3 Qf4 29. Kg1 Be6 30. a3 Bd5 31. b4 Bc7 32. Re1 Rxe1+ 33. Nxe1 Qh2+ 34. Kf1
Bxg2+ 35. Nxg2 Qh1+ 36. Ke2 Qxg2 37. Qf3 Qg5 38. Qg4 Qxg4+ 39. hxg4 Kf8 40. Be4
Ke7 41. d5 Kd7 42. Bg2 Bf4 43. a4 a6 44. Kd3 g5 45. Kc4 Bd2 46. b5 axb5+ 47.
axb5 cxb5+ 48. Kxb5 1/2-1/2